Catálogo público

Economía zootécnica / (Record no. 163526)

MARC details
000 -CABECERA
campo de control de longitud fija 00907nam a2200301Ia 4500
001 - NÚMERO DE CONTROL
campo de control Z_863
003 - IDENTIFICADOR DEL NÚMERO DE CONTROL
campo de control CHAP
008 - DATOS DE LONGITUD FIJA--INFORMACIÓN GENERAL
campo de control de longitud fija 220113s1982 xx 000 0 und d
010 ## - NÚMERO DE CONTROL DE LA BIBLIOTECA DEL CONGRESO
Número de control de LC 163526
020 ## - NÚMERO INTERNACIONAL ESTÁNDAR DEL LIBRO
Número Internacional Estándar del Libro 968- 81524-6
040 ## - FUENTE DE LA CATALOGACIÓN
Centro/agencia transcriptor CHAP
082 ## - NÚMERO DE LA CLASIFICACIÓN DECIMAL DEWEY
Número de clasificación 338.176 E26
245 ## - MENCIÓN DE TÍTULO
Título Economía zootécnica /
Mención de responsabilidad, etc. Ernesto Bachtold Gómez...[et al]
260 ## - PUBLICACIÓN, DISTRIBUCIÓN, ETC.
Lugar de publicación, distribución, etc. México :
Nombre del editor, distribuidor, etc. Limusa,
Fecha de publicación, distribución, etc. 1982
300 ## - DESCRIPCIÓN FÍSICA
Extensión 589 p.
503 ## - NOTA DE HISTORIA BIBLIOGRÁFICA (BK CF MU) [OBSOLETO]
Nota de historia bibliográfica ej.1: - ej.4: ? , ej.5: Donado por la ProfaMaldonado Simán, Ema
650 ## - PUNTO DE ACCESO ADICIONAL DE MATERIA--TÉRMINO DE MATERIA
Término de materia o nombre geográfico como elemento de entrada Ganadería
Subdivisión general Aspectos económicos
-- México
9 (RLIN) 44636
650 ## - PUNTO DE ACCESO ADICIONAL DE MATERIA--TÉRMINO DE MATERIA
Término de materia o nombre geográfico como elemento de entrada México
Subdivisión general Agricultura
-- Historia
9 (RLIN) 137687
700 ## - PUNTO DE ACCESO ADICIONAL--NOMBRE DE PERSONA
Nombre de persona II. Alonso Pesado, Francisco Alejandro, coaut.
9 (RLIN) 137688
700 ## - PUNTO DE ACCESO ADICIONAL--NOMBRE DE PERSONA
Nombre de persona III. Aguilar Valdés, Alfredo, coaut.
9 (RLIN) 137689
700 ## - PUNTO DE ACCESO ADICIONAL--NOMBRE DE PERSONA
Nombre de persona I. Bachtold Gómez, Ernesto, aut.
9 (RLIN) 137690
901 ## - ELEMENTOS DE DATOS A LOCAL LDA (RLIN)
a 338.176 E26
902 ## - ELEMENTOS DE DATOS B LOCAL, LDB (RLIN)
a M
910 ## - DATOS DE OPCIÓN DEL USUARIO (OCLC)
Datos de opción del usuario 1982
942 ## - ELEMENTOS DE PUNTO DE ACCESO ADICIONAL (KOHA)
Tipo de ítem Koha Libro_
942 ## - ELEMENTOS DE PUNTO DE ACCESO ADICIONAL (KOHA)
Tipo de ítem Koha
Holdings
Estado de retiro Estado de pérdida Fuente del sistema de clasificación o colocación Estado dañado No para préstamo Código de colección Localización permanente Ubicación/localización actual Ubicación en estantería Fecha de adquisición Código de barras Fecha visto por última vez Número de copia Precio válido a partir de Tipo de ítem Koha Información codificada de la localización en otra ubicación Nota pública
    Dewey Decimal Classification     General Zootecnia Zootecnia   07/11/2011 z_1996 18/01/2022 1 18/01/2022 Libro    
    Dewey Decimal Classification     General Zootecnia Zootecnia   07/11/2011 z_1997 18/01/2022 2 18/01/2022 Libro    
    Dewey Decimal Classification     General Zootecnia Zootecnia   07/11/2011 z_1998 18/01/2022 3 18/01/2022 Libro    
            Zootecnia Zootecnia   07/11/2011 z_2036 18/01/2022 4 18/01/2022 Libro 1 3
            Zootecnia Zootecnia   07/11/2011 z_2037 18/01/2022 5 18/01/2022 Libro 1 3